عرض عادي
عرض مارك
- Garrett, Lori K.
مدخل إسم شخص
001 - رقم الضبط
- حقل الضبط: 14474
003 - معرف رقم الضبط
- حقل الضبط: OSt
005 - تاريخ ووقت أخر عملية
- حقل الضبط: 20120520150243.0
008 - عناصر بيانات ثابتة الطول
- حقل تحكم ثابت الطول: 120520|||a|||||| | ||| d
040 ## - مصدر الفهرسة
- هيئة الفهرسة الأصلية: OSt
- وكالة الكتابة: OSt
100 ## - مدخل -- أسم شخص
- إسم شخص: Garrett, Lori K.
670 ## - بيانات المصدر موجوده
- الاستشهاد بالمصدر: Work cat.: (OSt)0: Garrett, Lori K., Get ready for microbiology /, c2009, 2010.
